000 00220 a2200097 4500
001 15759
100 _a
245 _aWehster's new twentieth century dictionary unahridged
260 _a
_bSimon
_c
090 _c12315
_d12315
942 _aNUST-CAE
_cM
_c2576
999 _c250832
_d250832